000 00367nam a2200133Ia 4500
008 220204s9999 xx 000 0 und d
082 _a576.316:581
_bDAR
100 _aDARLINGTON, C D
245 0 _aChromosome botany and the origins of cultivated plants.
260 _aLondon
_bGeorge Allen & Unwin
_c1963
650 _aChromosome
650 _aCytology
942 _cBK
999 _c21275
_d21275